000 01681cam a2200289 i 4500
005 20250329170351.0
007 ta
008 091006s2008 ck ao gr 000 0 spa
015 _ack-2008-xxxx
020 _a978-958-44-3888-1
040 _aCO-CtgCURN
_ccoctgcurn
_bspa
_erda
082 0 4 _a591.65
_bO489
_223
100 1 _aOlivero Verbel, Jesús,
_eauthor.
_4aut
245 1 0 _aParásitos en peces colombianos :
_bestán enfermando nuestros ecosistemas? /
_cJesús Olivero Verbel, Rosa Baldiris Ávila.
250 _aPrimera edición.
260 1 _aCartgena : :
_bUniversidad de Cartagena,,
_c2008.
300 _a120 pages :
_bilustraciones fotografías ;
_c26 cm.
336 _atext
_btxt
_2rdacontent
337 _aunmediated
_bn
_2rdamedia
338 _avolume
_bnc
_2rdacarrier
504 _aIncluye bibliografía al final de cada capítulo.
520 8 _a"El deterioro del medio ambiente y el manejo inadecuado de los recursos biológicos que ofrecen los ecosistemas siempre están asociados con la disminución de la calidad de vida de las personas. Desde su creación, CARDIQUE ha implemetado diversos programas investigativos para estudiar y entender los problemas de contaminación de nuestra región, de tal forma que puedan aplicarse soluciones viables a los mismos. Dentro de este proceso, la colaboración con otras entidades gubernamentales y académicas, siempre ha generado iniciativas que están contribuyendo a mejorar las condiciones ambientales de nuestro entorno"
650 1 4 _aPeces
_xParásitos.
700 1 _aBaldiris Ávila, Rosa.
942 _aCTGSALUD
_bCTGSALUD
_2ddc
_h591.65
_iO489
999 _c6768
_d6768